header

Modern methods in stereoselective aldol reactions (Record no. 60217)

MARC details
000 -LEADER
fixed length control field 01143nam a2200301 a 4500
082 04 - DEWEY DECIMAL CLASSIFICATION NUMBER
Classification number 547.036
245 00 - TITLE STATEMENT
Title Modern methods in stereoselective aldol reactions
260 ## - PUBLICATION, DISTRIBUTION, ETC. (IMPRINT)
Place of publication Weinheim :
Name of publisher Wiley-VCH,
Year of publication 2013.
300 ## - PHYSICAL DESCRIPTION
Number of Pages xiv, 536 p. :
Other physical details ill.
650 #0 - SUBJECT ADDED ENTRY--TOPICAL TERM
Topical Term Aldol condensation.
Topical Term Aldehydes.
700 1# - ADDED ENTRY--PERSONAL NAME
Personal name Mahrwald, Rainer.
856 40 - ELECTRONIC LOCATION AND ACCESS
Uniform Resource Identifier http://site.ebrary.com/lib/rucke/Doc?id=10680785

No items available.

© 2026 Rongo University
Contact us: librarian | system librarian | Rongo university